Aptonymes et contre-aptonymes - Statistiques

Statistiques générales
  • Ce quiz a été pris 27 fois
  • Le résultat moyen est 5 sur 12
Statistiques - réponses
Hint Réponse % Correct
Prénommée Véronique, elle a chanté "Vancouver" et si son nom était un aptonyme, sa carrière de chanteuse aurait été compromise. Sanson
80%
Prénommé David, il porte un contre-aptonyme car il ne l'est pas du tout, au regard de ses victoires au judo. Douillet
76%
Escrimeuse française, prénommée Laurence, elle porte le nom d'une arme de ce sport. Épée
72%
Humoriste français, prénommé Thierry, décédé en 1986, il s'était marié pour de faux avec Coluche. Le Luron
68%
Basketteur guadeloupéen, prénommé Mickaël, il a gagné 5 médailles avec la France. Gelabale
64%
Danseur français, prénommé Benjamin, il a dirigé le ballet de l'Opéra de Paris de 2014 à 2016. Millepied
52%
Première Premier Ministre française, son nom rappelle son ancien poste à l'Agriculture. Cresson
48%
Prénommé Daniel, ce chanteur canadien a incarné Claude Frollo dans la comédie musicale "Notre-Dame de Paris". Lavoie
40%
Rugbyman français, prénommé Fabien, il détient le record de sélections (118). Il fut capitaine de l'équipe de France. Pelous
36%
Navigateur et skipper français, prénommé François, il a battu le record du tour du monde en solitaire en 2017 en le bouclant en 42 jours 16 h 40 mn 35 s. Gabart
4%
Rugbyman français, prénommé David, son patronyme fait référence à son poste sur le terrain. Mélé
4%
Botaniste français, prénommé Pierre, ayant introduit la culture des épices dans les colonies françaises Poivre
0%
Aucun quiz correspondant
Distribution des résultats
% des personnes avec chaque résultat
Percentile par nombre de réponses
Votre historique - résultats
Vous n’avez pas pris ce quiz